<?xml version="1.0" encoding="UTF-8"?>
<record
    xmlns:xsi="http://www.w3.org/2001/XMLSchema-instance"
    xsi:schemaLocation="http://www.loc.gov/MARC21/slim http://www.loc.gov/standards/marcxml/schema/MARC21slim.xsd"
    xmlns="http://www.loc.gov/MARC21/slim">

  <leader>00595nam a22001577a 4500</leader>
  <controlfield tag="005">20120510152534.0</controlfield>
  <datafield tag="020" ind1=" " ind2=" ">
    <subfield code="a">8178295709</subfield>
    <subfield code="c">680.00</subfield>
  </datafield>
  <datafield tag="035" ind1=" " ind2=" ">
    <subfield code="a">B-167005</subfield>
  </datafield>
  <datafield tag="037" ind1=" " ind2=" ">
    <subfield code="a">DPL</subfield>
    <subfield code="b">ENG</subfield>
  </datafield>
  <datafield tag="100" ind1=" " ind2=" ">
    <subfield code="a">Parker, Barbara</subfield>
    <subfield code="9">46854</subfield>
  </datafield>
  <datafield tag="245" ind1=" " ind2=" ">
    <subfield code="a">Introduction to globalization and business :</subfield>
    <subfield code="b">Relationships and responsibilities /</subfield>
    <subfield code="c">by Barbara Parker</subfield>
  </datafield>
  <datafield tag="260" ind1=" " ind2=" ">
    <subfield code="a">New Delhi</subfield>
    <subfield code="b">Response Books</subfield>
    <subfield code="c">2005</subfield>
  </datafield>
  <datafield tag="300" ind1=" " ind2=" ">
    <subfield code="a">xi, 523p.</subfield>
    <subfield code="c">24 cms.</subfield>
  </datafield>
  <datafield tag="942" ind1=" " ind2=" ">
    <subfield code="2">ddc</subfield>
    <subfield code="c">EN</subfield>
    <subfield code="h">337.1</subfield>
    <subfield code="m">PAR</subfield>
  </datafield>
  <datafield tag="999" ind1=" " ind2=" ">
    <subfield code="c">66447</subfield>
    <subfield code="d">66447</subfield>
  </datafield>
  <datafield tag="952" ind1=" " ind2=" ">
    <subfield code="0">0</subfield>
    <subfield code="1">0</subfield>
    <subfield code="4">0</subfield>
    <subfield code="7">0</subfield>
    <subfield code="8">NFIC</subfield>
    <subfield code="a">ZLS</subfield>
    <subfield code="b">ZLS</subfield>
    <subfield code="d">2012-05-10</subfield>
    <subfield code="g">680.00</subfield>
    <subfield code="l">0</subfield>
    <subfield code="o">337.1 PAR</subfield>
    <subfield code="p">B-167005</subfield>
    <subfield code="r">2012-05-10 00:00:00</subfield>
    <subfield code="v">680.00</subfield>
    <subfield code="w">2012-05-10</subfield>
    <subfield code="y">EN</subfield>
  </datafield>
</record>
